| 000 | 00761pam a2200193 a 4500 | ||
|---|---|---|---|
| 020 | _a0470273658 (Halted Press : lib. bdg.) | ||
| 020 | _a047027378X (Halted Press : student ed.) : | ||
| 082 | 0 | 0 |
_a624.18341 _bHOL _cL-19, P-72 |
| 100 | 1 |
_aHolmes, M. _943155 |
|
| 245 | 1 | 0 |
_aAnalysis and design of structural connections : _breinforced concrete and steel / _cM. Holmes and L.H. Martin. |
| 260 |
_aChichester, [West Sussex] : _bEllis Horwood ; _aNew York : _bDistributors: Halsted Press, _c1983. |
||
| 300 |
_a269 p. : _bill. ; _c24 cm. |
||
| 526 |
_a0 _b0 _c0 _d624_183410000000000_HOL |
||
| 650 | 0 |
_aBuilding, Iron and steel _xJoints. _943040 |
|
| 650 | 0 |
_aConcrete construction _xJoints. |
|
| 650 | 0 |
_aMCE _9379 |
|
| 700 | 1 |
_aMartin, L. H. _943156 |
|
| 942 |
_2ddc _cBK |
||
| 999 |
_c546954 _d546954 |
||